|
|
|
|
| LEADER |
00000cam a22000004a 4500 |
| 001 |
musev2_8543 |
| 003 |
MdBmJHUP |
| 005 |
20230905040950.0 |
| 006 |
m o d |
| 007 |
cr||||||||nn|n |
| 008 |
050523s2005 pr o 00 0 spa d |
| 010 |
|
|
|z 2005351610
|
| 020 |
|
|
|a 9780299203733
|
| 020 |
|
|
|z 9780299203702
|
| 020 |
|
|
|z 9780299203740
|
| 035 |
|
|
|a (OCoLC)657196150
|
| 040 |
|
|
|a MdBmJHUP
|c MdBmJHUP
|
| 043 |
|
|
|a nwpr---
|
| 050 |
0 |
4 |
|a F1981.S2
|b R569 2005
|
| 082 |
0 |
|
|a 917.295/10453
|2 22
|
| 100 |
1 |
|
|a Rodríguez Juliá, Edgardo,
|d 1946-
|
| 245 |
1 |
0 |
|a San Juan :
|b Memoir of a City /
|c Edgardo Rodríguez Juliá ; [prólogo de Antonio Skármeta].
|
| 250 |
|
|
|a 1. ed. en español.
|
| 264 |
|
1 |
|a [Madison, Wis.] :
|b University of Wisconsin Press,
|c 2005.
|
| 264 |
|
3 |
|a Baltimore, Md. :
|b Project MUSE,
|c 2012
|
| 264 |
|
4 |
|c ©2005.
|
| 300 |
|
|
|a 1 online resource (188 pages):
|b ill. (some col.) ;
|
| 336 |
|
|
|a text
|b txt
|2 rdacontent
|
| 337 |
|
|
|a computer
|b c
|2 rdamedia
|
| 338 |
|
|
|a online resource
|b cr
|2 rdacarrier
|
| 490 |
0 |
|
|a The Americas series / the University of Wisconsin Press
|
| 500 |
|
|
|a Illustrations on endpapers.
|
| 588 |
|
|
|a Description based on print version record.
|
| 651 |
|
0 |
|a San Juan (P.R.)
|x In literature.
|
| 651 |
|
0 |
|a San Juan (P.R.)
|x Description and travel.
|
| 600 |
1 |
0 |
|a Rodríguez Juliá, Edgardo,
|d 1946-
|x Homes and haunts
|z Puerto Rico
|z San Juan.
|
| 655 |
|
7 |
|a Electronic books.
|2 local
|
| 710 |
2 |
|
|a Project Muse.
|e distributor
|
| 830 |
|
0 |
|a Americas series (Madison, Wis.)
|
| 830 |
|
0 |
|a Book collections on Project MUSE.
|
| 856 |
4 |
0 |
|z Texto completo
|u https://projectmuse.uam.elogim.com/book/8543/
|
| 945 |
|
|
|a Project MUSE - Custom Collection
|
| 945 |
|
|
|a Project MUSE - Archive Complete Foundation
|
| 945 |
|
|
|a Project MUSE - Archive History Foundation
|